Statistiques concernant Êtes-vous rapide ? Test de rapidité x2

Cliquez ici pour prendre le quiz!

Statistiques générales

  • Ce quiz a été pris 522 fois
  • Le résultat moyen est 7 sur 15

Statistiques - réponses

Multiplication% Correct
2
99%
1
94%
4
92%
8
77%
16
67%
32
60%
64
54%
128
42%
256
29%
512
18%
1024
13%
2048
9%
4096
4%
16 384
0%
8192
0%

Distribution des résultats

Percentile par nombre de réponses

% des personnes avec chaque résultat

Votre développement - résultats

Vous n’avez pas pris ce quiz